|
|
|
|
| LEADER |
00000cam a2200000 4500 |
| 001 |
vtls012240158 |
| 003 |
SK-MaSNL |
| 005 |
20260301080257.0 |
| 008 |
230926s2023 xo ac g f 010 0 slo |
| 015 |
|
|
|a SNBA2024/02
|
| 020 |
|
|
|a 9788055188782
|q (viazané)
|
| 040 |
|
|
|a SNK
|b slo
|c SNK
|e rda
|
| 041 |
1 |
|
|a slo
|h eng
|
| 044 |
|
|
|a xo
|c SK
|
| 072 |
|
7 |
|a 22/24
|x Náboženstvá Ďalekého východu. Indické náboženstvá. Hinduizmus. Budhizmus
|2 konspekt
|
| 072 |
|
7 |
|a 615.8
|x Fyzioterapia. Psychoterapia. Alternatívna medicína
|2 konspekt
|
| 080 |
|
|
|a 243.4
|2 2011
|
| 080 |
|
|
|a 612.2
|2 2011
|
| 080 |
|
|
|a 615.825:612.21
|2 2011
|
| 080 |
|
|
|a 615.8:577.337
|2 2011
|
| 080 |
|
|
|a 159.9.016.1
|2 2011
|
| 080 |
|
|
|a 24-583
|2 2011
|
| 080 |
|
|
|a 256
|2 2011
|
| 080 |
|
|
|a (035)
|2 2011
|
| 100 |
0 |
|
|a Losar, Geshe YongDong,
|d 1969-
|4 aut
|9 240832
|
| 240 |
1 |
0 |
|a Calm Breath, Calm Mind
|l Slovensky
|
| 245 |
1 |
0 |
|a Pokojný dych, pokojná myseľ
|c Geše YongDong Losar ; z anglického originálu Calm Breath, Calm Mind ... preložila Zdenka Tinajová
|
| 246 |
1 |
|
|i Obálkový podnázov:
|a Objavte liečivú silu dýchania
|
| 250 |
|
|
|a Prvé vydanie
|
| 264 |
|
1 |
|a Bratislava
|b IKAR, a.s. - AJNA
|c 2023
|
| 300 |
|
|
|a 229 strán
|b ilustrácie, tabuľky
|c 21 cm
|
| 336 |
|
|
|a text
|b txt
|2 rdacontent
|
| 337 |
|
|
|a bez média
|b n
|2 rdamedia
|
| 338 |
|
|
|a zväzok
|b nc
|2 rdacarrier
|
| 500 |
|
|
|a Obsahuje biografické informácie o autorovi
|
| 650 |
0 |
7 |
|a bönizmus
|2 SNKPH
|9 122581
|
| 650 |
0 |
7 |
|a tibetský budhizmus
|2 SNKPH
|9 69411
|
| 650 |
0 |
7 |
|a dýchanie
|2 SNKPH
|9 16298
|
| 650 |
0 |
7 |
|a dychové cvičenia
|2 SNKPH
|9 100474
|
| 650 |
0 |
7 |
|a liečivá energia
|2 SNKPH
|9 124035
|
| 650 |
0 |
7 |
|a telo a myseľ
|2 SNKPH
|9 74630
|
| 650 |
0 |
7 |
|a budhistická meditácia
|2 SNKPH
|9 74347
|
| 650 |
0 |
7 |
|a Bon (Tibetan religion)
|2 SNKPHeng
|9 401692
|
| 650 |
0 |
7 |
|a Tibetan Buddhism
|2 SNKPHeng
|9 329845
|
| 650 |
0 |
7 |
|a Respiration
|2 SNKPHeng
|9 343202
|
| 650 |
0 |
7 |
|a Breathing exercises
|2 SNKPHeng
|9 327456
|
| 650 |
0 |
7 |
|a Therapeutic energy
|2 SNKPHeng
|9 334590
|
| 650 |
0 |
7 |
|a Body and mind
|2 SNKPHeng
|9 182705
|
| 650 |
0 |
7 |
|a Buddhist meditation
|2 SNKPHeng
|9 401693
|
| 655 |
|
7 |
|a príručky
|2 SNKPH
|9 74364
|
| 655 |
|
7 |
|a Handbooks, manuals, etc.
|2 SNKPHeng
|9 90964
|
| 700 |
1 |
|
|a Tinajová, Zdenka
|4 trl
|9 229938
|
| 852 |
|
|
|a Slovenská národná knižnica
|
| 919 |
|
|
|a 978-80-551-8878-2
|
| 954 |
|
|
|a duchovná literatúra cudzojazyčná (svetová)
|2 lita
|
| 958 |
|
|
|a UP
|
| 968 |
|
|
|b ENG
|
| 999 |
|
|
|c 652792
|d 654722
|
| 952 |
|
|
|a SNK
|b SNK
|y PREZ
|7 0
|p 17A1543908
|o snkSC 204919
|i snk2024/1200
|8 0
|0 0
|1 0
|4 0
|d 2024-01-22
|l 0
|r 2025-10-28 00:00:00
|w 2026-02-23
|
| 952 |
|
|
|a SNK
|b SNK
|y VYP
|7 0
|p 17A1543909
|o snkSC 204919 D1
|i snk2024/1201
|8 0
|0 0
|1 0
|4 0
|d 2024-01-22
|l 0
|r 2026-02-23 18:27:04
|w 2026-02-23
|